000 00909nam a2200253Ia 4500
003 OSt
005 20220923215746.0
006 a|||||r|||| 00| 0
007 ta
008 220922b |||||||| |||| 00| 0 hin d
024 _a181,554
037 _cTextual
040 _aARTS
_cARTS
_bhin
041 _2hin
_ahin
082 _aO152,1N081:g, M7
100 _aमल्होत्रा, विजय कुमार
245 0 _aसोहनलाल द्विवेदी और उनका काव्य
246 _aSohanalāl dvivedī aur unakā kāvya
260 _aनई दिल्ली
_b आशा प्रकाशन गृह
_c1987
300 _a259 पृ.
_ccm.
650 _aहिन्दी साहित्य
_9156264
942 _hO152,1N081:g, M7
_cTEXL
_2CC
999 _c334931
_d334931